|
|
|
|
| LEADER |
00747nam a2200205 a 4500 |
| 001 |
10813 |
| 003 |
BD-DhAAL |
| 008 |
091229b ii a 000 0 eng d |
| 999 |
|
|
|c 6503
|d 6503
|
| 040 |
|
|
|a BD-DhAAL
|c BD-DhAAL
|
| 082 |
0 |
0 |
|a 306.2
|
| 100 |
0 |
0 |
|a Das, G.
|9 40513
|
| 245 |
0 |
0 |
|a Political sociology /
|c G. Das.
|
| 260 |
|
|
|a New Delhi :
|b Manu Enterprises.
|
| 300 |
|
|
|a viii, 416 pages :
|b illustrations ;
|c 22 cm.
|
| 541 |
1 |
|
|e 00010813
|
| 650 |
|
0 |
|a Political sociology
|9 40514
|
| 852 |
4 |
|
|a Ayesha Abed Library
|j General Stacks
|
| 942 |
|
|
|2 ddc
|c BK
|
| 952 |
|
|
|0 0
|1 0
|2 ddc
|4 0
|6 306_200000000000000_DAS
|7 0
|9 6599
|a BRACUL
|b BRACUL
|c GEN
|d 2009-12-30
|g 0.00
|l 1
|m 2
|o 306.2 DAS
|p 3010010813
|r 2011-03-30
|s 2011-03-10
|t 1
|w 2009-12-30
|y BK
|x No price found in the accession register.
|